000 01268 a2200289 4500
001 45862
005 20260407155730.0
008 260407a2005 arg spa d
003 AR-UNSa-BCEJYS
040 _aAR-UNSa-BCEJYS
_bspa
_cAR-UNSa-BCEJYS
080 _a369
_xSeguridad social
245 1 0 _aProtección social en la Argentina
_pFinanciamiento, cobertura y desempeño 1990-2003
020 _a978-92-2-318391-2
264 1 _aSantiago :
_bOrganización Internacional de Trabajo
_c2005
300 _a371 p.
_c22 cm.
505 _a1. Introducción - 2. Protección social: concepto, alcance y desempeño - 3. Contexto demográfico, económico, laboral e institucional - 4. Gasto público en protección social - 5. Financiamiento de la protección social - 6. Área de protección social - 7. Participación non estatal en la protección social - 8. Consideraciones finales.
041 _aspa
942 _cBK
590 _aniveau_biblio:m niveau_hierar:0
100 1 _aBonari, Damián
700 1 _aBertranou, Fabio M.
700 1 _aBertranou, Evelina
700 1 _aColombo, Caterina
700 1 _aHarriague, Marcela
700 1 _aLow, Ighal
856 4 1 _uhttps://www.biblioeco.unsa.edu.ar/pmb/images/libros/L127204.jpg
_yImagen de portada
_qimage/jpeg
999 _c4033
_d4033